000 00610nam a2200205 a 4500
005 20140310183428.0
008 071207s19uu xx uuu eng d
020 _a0-13-222206-x
050 _aTX 911.3.M3
_b.N213 2007
100 _aNational Restaurant Association
245 _aNRAEF ManageFirst :
_bRestaurant marketing.
260 _aNew Jersey :
_bPearson Prentice Hall,
_c2007.
300 _a171 p. :
_c28 cm.
440 _aNRAEF ManageFirst Program
521 _aTOU
650 _aHospitality industry
_xMarketing.
650 _aRestaurant marketing.
942 _cBK
_2lcc
_kFOR
999 _c22692
_d22692